[Event "Haarlemse Meesters-IM 2018"]
[Site "Haarlem"]
[Date "2018.10.24"]
[Round "5"]
[White "Van Baar, Esper"]
[Black "Gijswijt, Bart"]
[Result "0-1"]
[WhiteElo "2223"]
[BlackElo "2321"]
[Annotator "NA"]
[PlyCount "84"]
[EventDate "2018.10.17"]
[EventType "tourn"]
[EventCountry "NED"]
[SourceTitle "playchess.com"]
[Source "ChessBase"]
[SourceQuality "1"]
[TimeControl "40/5400+30:1800+30"]

1. e4 {[%emt 0:00:00]} c6 {[%emt 0:00:00]} 2. Nc3 {[%emt 0:00:38]} d5 {[%emt 0:00:00]} 3. Nf3 {[%emt 0:00:15]} Bg4 {[%emt 0:01:06]} 4. h3 {[%emt 0:01:35]} Bxf3 {[%emt 0:00:41]} 5. Qxf3 {[%emt 0:00:05]} e6 {[%emt 0:01:04]} 6. d3 {[%emt 0:00:43]} Nf6 {[%emt 0:10:48]} 7. Bd2 {[%emt 0:03:01]} Nbd7 {[%emt 0:12:59]} 8. g4 {[%emt 0:01:07]} d4 {[%emt 0:08:00] B11: Caro-Kann: Two Knights Variation} 9. Ne2 {[%emt 0:02:37]} Qb6 {[%emt 0:00:38]} 10. O-O-O {[%emt 0:01:33] LiveBook: 4 Games} Rd8 $146 {[%emt 0:05:44]} (10... g6 $14) ({Predecessor:} 10... e5 11. g5 Ng8 12. h4 Bb4 13. Bh3 Nf8 14. Qf5 Bxd2+ 15. Rxd2 Qc5 16. f4 {1-0 (50) Vovk,Y (2546)-Fridman,D (2650) ICC INT 2009}) 11. g5 {[%emt 0:02:22]} Ng8 {[%emt 0:00:17]} 12. h4 {[%emt 0:04:05]} Bb4 {[%emt 0:08:20]} 13. Bxb4 {[%emt 0:10:05]} Qxb4 {[%emt 0:00:03]} 14. Kb1 {[%emt 0:05:58]} Ne7 {[%emt 0:04:39]} 15. Bh3 {[%emt 0:00:36]} Nc5 {[%emt 0:02:09]} 16. Ka1 {[%emt 0:05:11]} Na4 {[%emt 0:04:40]} 17. Rb1 {[%emt 0:03:00]} c5 {[%emt 0:02:33]} 18. h5 {[%emt 0:07:59]} Rd6 {[%emt 0:01:34]} 19. Qf4 {[%emt 0:13:49]} c4 {[%emt 0:08:59]} 20. dxc4 {[%emt 0:02:44]} O-O {[%emt 0:01:52]} 21. a3 {[%emt 0:08:22]} Ra6 {[%emt 0:01:38]} 22. Nc1 {[%emt 0:16:34]} Nc3 {[%emt 0:06:07]} 23. Na2 {[%emt 0:00:02]} Nxa2 {[%emt 0:02:15]} 24. Kxa2 {[%emt 0:00:01]} Qxc4+ {[%emt 0:00:12]} 25. Ka1 {[%emt 0:00:03]} Nc6 {[%emt 0:00:28]} 26. Bf1 {[%emt 0:00:54]} Qxc2 {[%emt 0:04:31]} 27. Bxa6 {[%emt 0:00:21]} bxa6 {[%emt 0:00:44]} 28. Rhc1 {[%emt 0:01:08]} Qa4 {[%emt 0:00:10]} 29. Qd6 {[%emt 0:00:34]} Na5 {[%emt 0:00:36]} 30. Rc7 {[%emt 0:02:04]} Nb3+ {[%emt 0:00:45]} 31. Ka2 {[%emt 0:00:05]} Nd2 {[%emt 0:01:03] [#]} 32. b3 $2 {[%emt 0:01:19]} (32. h6 $1 {[%mdl 512]} Qb3+ 33. Ka1) 32... Qb5 {[%emt 0:03:37]} 33. g6 {[%emt 0:01:35]} Qb8 {[%emt 0:02:02]} 34. Rb2 {[%emt 0:02:28]} Nxe4 {[%emt 0:00:20]} 35. Qc6 {[%emt 0:02:13]} Nc3+ {[%emt 0:01:06]} 36. Ka1 {[%emt 0:00:04]} hxg6 {[%emt 0:04:17]} 37. hxg6 {[%emt 0:00:07]} Nd5 {[%emt 0:00:05]} 38. gxf7+ {[%emt 0:00:16]} Kh7 {[%emt 0:00:33]} 39. Rb7 {[%emt 0:02:06]} Qe5 {[%emt 0:00:20]} 40. Qc2+ {[%emt 0:00:49]} g6 {[%emt 0:00:22]} 41. Qe2 {[%emt 0:09:44]} Qf5 {[%emt 0:05:12]} 42. Rb1 $19 {[%emt 0:02:13]} (42. Qxa6 Qh3 $14) (42. Qd2 $16) 42... Qxb1+ {[%emt 0:00:32]} 0-1

[Event "Haarlemse Meesters-IM 2018"]
[Site "Haarlem"]
[Date "2018.10.25"]
[Round "6"]
[White "Van Kerkhof, David"]
[Black "Daeschler, Florian"]
[Result "1-0"]
[WhiteElo "2371"]
[BlackElo "2254"]
[Annotator "NA"]
[PlyCount "95"]
[EventDate "2018.10.17"]
[EventType "tourn"]
[EventCountry "NED"]
[SourceTitle "playchess.com"]
[Source "ChessBase"]
[SourceQuality "1"]
[TimeControl "40/5400+30:1800+30"]

{[%evp 9,95,-50,-48,-70,-108,-75,-105,-104,-90,-121,-95,-114,-103,-118,-124,-164,-132,-190,-93,-65,-66,-82,-123,-122,-135,-123,-114,-133,32767,32767,32767,32767,32767,32767,32767,32767,32767,15,26,18,54,32767,32767,97,32767,103,127,127,125,126,115,145,166,171,32767,32767,162,164,157,97,260,32767,32767,32767,32767,32767,378,32767,404,452,32767,381,407,322,32767,32767,472,539,495,597,793,925,1675,7735,12838,4718,29951,5031]} 1. e4 {[%emt 0:00:00]} e5 {[%emt 0:00:00]} 2. f4 {[%emt 0:00:00]} exf4 {[%emt 0:00:00]} 3. Nf3 {[%emt 0:00:00]} Nf6 {[%emt 0:00:00]} 4. e5 {[%emt 0:00:00]} Nh5 {[%emt 0:00:00]} 5. Be2 {[%emt 0:01:20]} d6 {[%emt 0:00:19]} 6. exd6 {[%emt 0:15:56] C34: King's Gambit Accepted: 3 Nf3: 3...Nf6 and 3...d6} Bxd6 {[%emt 0:01:13] LiveBook: 3 Games} ({Much worse is} 6... Qxd6 $6 7. Nc3 $11) 7. d4 {[%emt 0:00:28]} O-O {[%emt 0:02:42]} 8. O-O {[%emt 0:08:35]} Bg4 {[%emt 0:12:39]} (8... Nf6 9. c4 c5 10. d5 Re8 11. Ne1 g5 12. Nc3 Nbd7 13. h4 h6 14. hxg5 hxg5 {1-0 (27) Grekh,A (2368)-Anwesh,U (2387) Lvov 2016}) 9. Nc3 {[%emt 0:08:15]} Nc6 $146 {[%emt 0:07:29]} ({Predecessor:} 9... Re8 10. h3 Bf5 11. g4 fxg3 12. Ng5 Nf4 13. Rxf4 Qxg5 {½-½ (30) Krajnak,J-Sturc,G (2205) Tatranska Lomnica 1997}) 10. Ne4 {[%emt 0:07:52]} Nf6 {[%emt 0:03:12]} 11. Nf2 {[%emt 0:25:38]} Bh5 {[%emt 0:00:21]} 12. c4 {[%emt 0:01:09]} Re8 {[%emt 0:04:35]} 13. d5 {[%emt 0:07:30]} Rxe2 {[%emt 0:13:29]} (13... Ne7 $142 14. Nd3 Ng6) 14. Qxe2 {[%emt 0:01:40]} Nd4 {[%emt 0:00:07]} 15. Qd3 {[%emt 0:00:13]} Nxf3+ {[%emt 0:00:04]} 16. gxf3 {[%emt 0:00:04]} Nd7 {[%emt 0:00:24]} 17. Ne4 {[%emt 0:03:15] [#]} Ne5 $1 {[%emt 0:01:34]} 18. Qc3 {[%emt 0:00:59]} Qh4 {[%emt 0:27:03]} 19. c5 {[%emt 0:01:04]} Nxf3+ {[%emt 0:01:46]} 20. Rxf3 {[%emt 0:00:27]} Qg4+ {[%emt 0:00:06]} 21. Kf1 {[%emt 0:04:30]} Qxf3+ {[%emt 0:08:28]} 22. Qxf3 {[%emt 0:00:06]} Bxf3 {[%emt 0:00:02]} 23. Ng5 {[%emt 0:00:38]} Bxd5 {[%emt 0:00:09]} 24. cxd6 {[%emt 0:00:06]} h6 {[%emt 0:00:04]} 25. Nh3 {[%emt 0:01:11]} g5 {[%emt 0:00:08]} 26. dxc7 {[%emt 0:01:57]} Rc8 {[%emt 0:00:54]} 27. Nxf4 $1 {[%emt 0:00:55]} gxf4 {[%emt 0:01:26]} 28. Bxf4 {[%emt 0:00:01]} Kh7 {[%emt 0:00:18]} 29. b3 {[%emt 0:01:11]} Kg6 {[%emt 0:00:07]} 30. Rd1 {[%emt 0:00:58]} Be6 {[%emt 0:00:08]} 31. Kf2 {[%emt 0:00:25]} h5 {[%emt 0:00:22]} 32. Bg3 {[%emt 0:00:34]} h4 {[%emt 0:01:22]} 33. Bf4 {[%emt 0:00:46]} ({Not} 33. Bxh4 Rxc7 34. Ke3 Rc2 $11) 33... Kf6 {[%emt 0:03:30]} 34. Ke3 {[%emt 0:04:34]} h3 $2 {[%emt 0:02:12]} (34... Ke7 $16 {keeps fighting.} 35. Bd6+ Kd7) 35. Rd8 {[%emt 0:00:31]} Ke7 {[%emt 0:01:04]} 36. Bd6+ {[%emt 0:00:25]} Kf6 {[%emt 0:00:09]} 37. Kd4 {[%emt 0:00:52]} Kf5 {[%emt 0:02:17]} 38. a4 {[%emt 0:02:32]} Kf6 {[%emt 0:03:30]} 39. b4 {[%emt 0:00:10]} Kf5 {[%emt 0:00:12]} 40. Ke3 {[%emt 0:01:21]} f6 {[%emt 0:01:37]} 41. Bg3 {[%emt 0:05:14]} Kg4 {[%emt 0:03:10]} 42. Ke4 {[%emt 0:04:23]} Kg5 {[%emt 0:01:24]} 43. a5 {[%emt 0:01:31]} Kg4 {[%emt 0:01:49]} 44. Kd4 {[%emt 0:07:06]} Kg5 {[%emt 0:01:19]} 45. Kc5 {[%emt 0:02:07]} f5 {[%emt 0:02:31]} 46. Kd6 {[%emt 0:00:41]} Kf6 {[%emt 0:01:09]} 47. Bf4 {[%emt 0:00:43]} (47. Be5+ $142 Kf7 48. a6 bxa6 49. Kc6 Rxc7+ 50. Kxc7 Ke7 51. Rd6 Bc4 52. Kb7) 47... Kf7 {[%emt 0:00:23]} 48. a6 $18 {[%emt 0:01:44]} 1-0

[Event "Haarlemse Meesters-IM 2018"]
[Site "Haarlem"]
[Date "2018.10.25"]
[Round "6"]
[White "Lenaerts, Lennert"]
[Black "Bosboom, Manuel"]
[Result "0-1"]
[WhiteElo "2362"]
[BlackElo "2404"]
[Annotator "ChessBase"]
[PlyCount "110"]
[EventDate "2018.10.17"]
[EventType "tourn"]
[EventCountry "NED"]
[SourceTitle "playchess.com"]
[Source "ChessBase"]
[SourceQuality "1"]
[TimeControl "40/5400+30:1800+30"]

1. d4 {[%emt 0:00:00]} Nf6 {[%emt 0:00:00]} 2. c4 {[%emt 0:00:00]} d6 {[%emt 0:01:05]} 3. Nc3 {[%emt 0:00:03]} Nbd7 {[%emt 0:00:06]} 4. e4 {[%emt 0:02:30]} e5 {[%emt 0:02:25]} 5. d5 {[%emt 0:02:05]} Nc5 {[%emt 0:03:09]} 6. Qc2 {[%emt 0:00:35]} a5 {[%emt 0:00:44]} 7. Nf3 {[%emt 0:03:19]} Be7 {[%emt 0:07:19]} 8. Be3 {[%emt 0:01:44]} b6 {[%emt 0:01:06]} 9. h3 {[%emt 0:00:07]} Bd7 {[%emt 0:05:06]} 10. Be2 {[%emt 0:04:52]} g6 {[%emt 0:07:28]} 11. Nd2 {[%emt 0:01:19]} h5 {[%emt 0:00:18]} 12. g3 {[%emt 0:16:42]} a4 {[%emt 0:06:11]} 13. f4 {[%emt 0:02:21]} h4 {[%emt 0:03:58]} 14. g4 {[%emt 0:05:20]} exf4 {[%emt 0:00:54]} 15. Bxf4 {[%emt 0:00:05]} Nh7 {[%emt 0:04:11]} 16. e5 {[%emt 0:01:10]} dxe5 {[%emt 0:06:10]} 17. Bxe5 {[%emt 0:00:52]} Bf6 {[%emt 0:02:25]} 18. Bxf6 {[%emt 0:08:46]} Nxf6 {[%emt 0:08:44]} 19. O-O-O {[%emt 0:04:55]} O-O {[%emt 0:04:31]} 20. Nf3 {[%emt 0:02:35]} Qe7 {[%emt 0:09:11]} 21. Rhe1 {[%emt 0:13:36]} Rfe8 {[%emt 0:01:29]} 22. Nxh4 {[%emt 0:07:22]} a3 {[%emt 0:04:46]} 23. b3 {[%emt 0:00:35]} Qe3+ {[%emt 0:04:53]} 24. Qd2 {[%emt 0:00:49]} Qxh3 {[%emt 0:01:16]} 25. Rh1 {[%emt 0:01:44]} Qe3 {[%emt 0:02:44]} 26. Rhg1 {[%emt 0:05:01]} Qxd2+ {[%emt 0:06:45]} 27. Kxd2 {[%emt 0:00:12]} Nfe4+ {[%emt 0:01:03]} 28. Nxe4 {[%emt 0:00:02]} Nxe4+ {[%emt 0:00:40]} 29. Kc2 {[%emt 0:00:10]} Kg7 {[%emt 0:00:24]} 30. Rd4 {[%emt 0:01:12]} Ng5 {[%emt 0:01:22]} 31. Kd2 {[%emt 0:01:06]} Rxe2+ {[%emt 0:02:01]} 32. Kxe2 {[%emt 0:00:05]} Re8+ {[%emt 0:00:01]} 33. Kd3 {[%emt 0:08:27]} Rh8 {[%emt 0:00:22]} 34. Rh1 {[%emt 0:00:07]} Nf3 {[%emt 0:01:16]} 35. Re4 {[%emt 0:03:53]} Nxh4 {[%emt 0:00:49]} 36. Re7 {[%emt 0:00:03]} Bxg4 {[%emt 0:00:40]} 37. Rxc7 {[%emt 0:00:05]} Bf3 {[%emt 0:00:53]} 38. Rh2 {[%emt 0:01:22]} g5 {[%emt 0:00:13]} 39. d6 {[%emt 0:00:01]} Rd8 {[%emt 0:01:43]} 40. Ke3 {[%emt 0:00:34]} Rxd6 {[%emt 0:00:53]} 41. Rxh4 {[%emt 0:30:02]} gxh4 {[%emt 0:30:08]} 42. Kxf3 {[%emt 0:00:04]} Rd2 {[%emt 0:00:00]} 43. Kg4 {[%emt 0:00:00]} Rxa2 {[%emt 0:00:00]} 44. Ra7 {[%emt 0:00:00]} Ra1 {[%emt 0:00:00]} 45. Kh3 {[%emt 0:00:00]} Kf6 {[%emt 0:00:00]} 46. Kh2 {[%emt 0:00:00]} Ke5 {[%emt 0:00:00]} 47. b4 {[%emt 0:00:00]} f5 {[%emt 0:00:00]} 48. c5 {[%emt 0:00:00]} bxc5 {[%emt 0:00:00]} 49. bxc5 {[%emt 0:00:00]} Kd5 {[%emt 0:00:00]} 50. Rf7 {[%emt 0:00:00]} a2 {[%emt 0:00:00]} 51. Rxf5+ {[%emt 0:00:00]} Ke4 {[%emt 0:00:00]} 52. Rf2 {[%emt 0:00:00]} Rh1+ {[%emt 0:00:00]} 53. Kxh1 {[%emt 0:00:00]} a1=Q+ {[%emt 0:00:00]} 54. Kh2 {[%emt 0:00:00]} Qe5+ {[%emt 0:00:00]} 55. Kg2 {[%emt 0:00:00]} Qg3+ {[%emt 0:00:00]} 0-1

[Event "Haarlemse Meesters-IM 2018"]
[Site "Haarlem"]
[Date "2018.10.25"]
[Round "6"]
[White "Gijswijt, Bart"]
[Black "Harff, Marcel"]
[Result "1/2-1/2"]
[WhiteElo "2321"]
[BlackElo "2420"]
[Annotator "TA"]
[PlyCount "47"]
[EventDate "2018.10.17"]
[EventType "tourn"]
[EventCountry "NED"]
[SourceTitle "playchess.com"]
[Source "ChessBase"]
[SourceQuality "1"]

{[%evp 22,47,0,0,6,0,13,9,26,0,8,0,0,0,0,0,22,0,0,0,0,0,0,0,0,0,7,7]} 1. d4 Nf6 2. c4 e6 3. Nf3 b6 4. g3 Bb7 5. Bg2 Bb4+ 6. Bd2 Bxd2+ 7. Qxd2 O-O 8. O-O d6 9. Nc3 Ne4 10. Qe3 Nxc3 11. Qxc3 Nd7 {E16: Queen's Indian: 4 g3 Bb7 5 Bg2 Bb4+} 12. b4 {LiveBook: 3 Games} (12. Rad1 Qe7 13. d5 e5 14. e4 a5 15. Nd2 c6 16. Qe3 Nc5 17. Rfe1 Rfe8 18. b3 Nd7 19. Bh3 c5 20. a4 Bc8 {1-0 (71) Andreikin,D (2636)-Nyback,T (2628) Khanty-Mansiysk 2009}) 12... a5 13. a3 Qe7 14. Rfc1 Rfb8 $146 ({Predecessor:} 14... axb4 15. axb4 c5 16. bxc5 bxc5 17. e3 Rxa1 18. Rxa1 {0-1 (56) Omorjan,D (2235)-Stanojevic,B (2221) Kac 2016}) 15. c5 {[#] Hoping for c6.} axb4 {The position is equal.} 16. axb4 {c6 is the strong threat.} Rxa1 17. Qxa1 {Strongly threatening c6.} bxc5 18. bxc5 Bd5 19. Qa5 Qd8 20. cxd6 cxd6 21. Qxd8+ Rxd8 22. Nd2 Bxg2 23. Kxg2 d5 24. Rc7 {Precision: White = 38%, Black = 58%.} 1/2-1/2

[Event "Haarlemse Meesters-IM 2018"]
[Site "Haarlem"]
[Date "2018.10.25"]
[Round "6"]
[White "Basman, Michael J"]
[Black "Vedder, Richard"]
[Result "1-0"]
[WhiteElo "2313"]
[BlackElo "2288"]
[Annotator "ChessBase"]
[PlyCount "169"]
[EventDate "2018.10.17"]
[EventType "tourn"]
[EventCountry "NED"]
[SourceTitle "playchess.com"]
[Source "ChessBase"]
[SourceQuality "1"]
[TimeControl "40/5400+30:1800+30"]

1. g4 {[%emt 0:00:00]} d5 {[%emt 0:00:00]} 2. h3 {[%emt 0:00:00]} e5 {[%emt 0:00:00]} 3. Bg2 {[%emt 0:00:14]} h5 {[%emt 0:00:27]} 4. g5 {[%emt 0:00:05]} c6 {[%emt 0:00:43]} 5. d4 {[%emt 0:04:20]} Nd7 {[%emt 0:02:16]} 6. c4 {[%emt 0:01:32]} dxc4 {[%emt 0:01:25]} 7. Nc3 {[%emt 0:00:09]} exd4 {[%emt 0:04:35]} 8. Qxd4 {[%emt 0:01:54]} Nb6 {[%emt 0:00:53]} 9. Qxd8+ {[%emt 0:06:19]} Kxd8 {[%emt 0:00:05]} 10. Bf4 {[%emt 0:03:45]} Be6 {[%emt 0:00:21]} 11. O-O-O+ {[%emt 0:00:14]} Ke8 {[%emt 0:01:52]} 12. e4 {[%emt 0:04:54]} Ne7 {[%emt 0:01:18]} 13. Nge2 {[%emt 0:00:18]} Ng6 {[%emt 0:00:31]} 14. Bg3 {[%emt 0:01:50]} h4 {[%emt 0:08:15]} 15. Bh2 {[%emt 0:00:30]} Bc5 {[%emt 0:00:17]} 16. f4 {[%emt 0:01:32]} Bd7 {[%emt 0:00:11]} 17. f5 {[%emt 0:04:55]} Nf8 {[%emt 0:01:13]} 18. Kc2 {[%emt 0:04:58]} g6 {[%emt 0:04:01]} 19. Bd6 {[%emt 0:10:04]} Bxd6 {[%emt 0:03:27]} 20. Rxd6 {[%emt 0:00:02]} Ke7 {[%emt 0:03:11]} 21. Rd2 {[%emt 0:03:16]} gxf5 {[%emt 0:00:26]} 22. Nd4 {[%emt 0:01:43]} fxe4 {[%emt 0:00:33]} 23. Nxe4 {[%emt 0:03:26]} Nd5 {[%emt 0:16:38]} 24. Re1 {[%emt 0:03:53]} Be6 {[%emt 0:02:48]} 25. Nc5 {[%emt 0:06:36]} Nb4+ {[%emt 0:09:00]} 26. Kb1 {[%emt 0:03:26]} Nd3 {[%emt 0:00:25]} 27. Nxd3 {[%emt 0:05:50]} cxd3 {[%emt 0:00:09]} 28. Rxd3 {[%emt 0:06:33]} Ng6 {[%emt 0:00:27]} 29. Be4 {[%emt 0:06:34]} Rhg8 {[%emt 0:02:41]} 30. Bf5 {[%emt 0:01:27]} Nf8 {[%emt 0:06:13]} 31. g6 {[%emt 0:02:06]} Rxg6 {[%emt 0:07:38]} 32. Bxg6 {[%emt 0:00:17]} Nxg6 {[%emt 0:00:02]} 33. Rde3 {[%emt 0:01:07]} Nf4 {[%emt 0:03:11]} 34. Re4 {[%emt 0:00:57]} Nxh3 {[%emt 0:00:09]} 35. Nxe6 {[%emt 0:00:18]} fxe6 {[%emt 0:00:01]} 36. Rxe6+ {[%emt 0:00:15]} Kd7 {[%emt 0:00:02]} 37. Rh6 {[%emt 0:01:35]} Nf4 {[%emt 0:01:28]} 38. Rxh4 {[%emt 0:00:18]} Nd5 {[%emt 0:00:02]} 39. Rh7+ {[%emt 0:00:33]} Kd6 {[%emt 0:00:05]} 40. Rxb7 {[%emt 0:00:09]} a5 {[%emt 0:00:05]} 41. a3 {[%emt 0:30:59]} Ra6 {[%emt 0:31:20]} 42. Rh1 {[%emt 0:01:11]} Ra8 {[%emt 0:00:17]} 43. Rhh7 {[%emt 0:00:17]} Kc5 {[%emt 0:00:28]} 44. Ra7 {[%emt 0:00:17]} Rxa7 {[%emt 0:00:05]} 45. Rxa7 {[%emt 0:00:07]} Kb5 {[%emt 0:00:32]} 46. Kc2 {[%emt 0:03:38]} a4 {[%emt 0:01:05]} 47. Rb7+ {[%emt 0:02:56]} Kc4 {[%emt 0:00:59]} 48. b3+ {[%emt 0:01:16]} axb3+ {[%emt 0:00:04]} 49. Rxb3 {[%emt 0:00:08]} Kc5 {[%emt 0:01:29]} 50. Rb8 {[%emt 0:00:52]} Nb6 {[%emt 0:00:58]} 51. Kb3 {[%emt 0:00:16]} Kb5 {[%emt 0:01:26]} 52. a4+ {[%emt 0:04:45]} Ka5 {[%emt 0:00:14]} 53. Rh8 {[%emt 0:00:00]} Nd5 {[%emt 0:00:00]} 54. Ra8+ {[%emt 0:00:00]} Kb6 {[%emt 0:00:00]} 55. Kc4 {[%emt 0:00:00]} Kb7 {[%emt 0:00:00]} 56. Rh8 {[%emt 0:00:00]} Kb6 {[%emt 0:00:00]} 57. Rb8+ {[%emt 0:00:00]} Ka5 {[%emt 0:00:00]} 58. Ra8+ {[%emt 0:00:00]} Kb6 {[%emt 0:00:00]} 59. a5+ {[%emt 0:00:00]} Kb7 {[%emt 0:00:00]} 60. Rh8 {[%emt 0:00:00]} Nf4 {[%emt 0:00:00]} 61. Rf8 {[%emt 0:00:00]} Ng6 {[%emt 0:00:00]} 62. Rf6 {[%emt 0:00:00]} Ne5+ {[%emt 0:00:00]} 63. Kd4 {[%emt 0:00:00]} Ng4 {[%emt 0:00:00]} 64. Rg6 {[%emt 0:00:00]} Nf2 {[%emt 0:00:00]} 65. Rg2 {[%emt 0:00:00]} c5+ {[%emt 0:00:00]} 66. Kxc5 {[%emt 0:00:00]} Ne4+ {[%emt 0:00:00]} 67. Kd4 {[%emt 0:00:00]} Nd6 {[%emt 0:00:00]} 68. Kd5 {[%emt 0:00:00]} Nb5 {[%emt 0:00:00]} 69. Kc5 {[%emt 0:00:00]} Na7 {[%emt 0:00:00]} 70. Rg6 {[%emt 0:00:00]} Nc8 {[%emt 0:00:00]} 71. a6+ {[%emt 0:01:08]} Kb8 {[%emt 0:00:00]} 72. Rg8 {[%emt 0:02:27]} Kc7 {[%emt 0:00:00]} 73. Rg7+ {[%emt 0:00:04]} Kb8 {[%emt 0:00:00]} 74. Rb7+ {[%emt 0:00:28]} Ka8 {[%emt 0:00:00]} 75. Kc6 {[%emt 0:02:06]} Na7+ {[%emt 0:00:00]} 76. Kd7 {[%emt 0:00:18]} Nc6 {[%emt 0:00:00]} 77. Rb6 {[%emt 0:01:38]} Na5 {[%emt 0:00:00]} 78. Rb5 {[%emt 0:00:37]} Nc4 {[%emt 0:00:00]} 79. Rb4 {[%emt 0:00:28]} Na5 {[%emt 0:00:00]} 80. Ra4 {[%emt 0:00:49]} Nb3 {[%emt 0:00:00]} 81. Kc6 {[%emt 0:00:59]} Ka7 {[%emt 0:00:00]} 82. Kd5 {[%emt 0:00:20]} Nd2 {[%emt 0:00:00]} 83. Ra3 {[%emt 0:00:12]} Nb1 {[%emt 0:00:00]} 84. Rd3 {[%emt 0:00:49]} Kxa6 {[%emt 0:00:00]} 85. Kc4 {[%emt 0:00:01]} 1-0

[Event "Haarlemse Meesters-IM 2018"]
[Site "Haarlem"]
[Date "2018.10.25"]
[Round "6"]
[White "Van Baar, Esper"]
[Black "Riemersma, Li"]
[Result "0-1"]
[WhiteElo "2223"]
[BlackElo "2460"]
[Annotator "TA"]
[PlyCount "80"]
[EventDate "2018.10.17"]
[EventType "tourn"]
[EventCountry "NED"]
[SourceTitle "playchess.com"]
[Source "ChessBase"]
[SourceQuality "1"]

{[%evp 13,80,29,54,11,11,10,24,21,20,23,29,-20,12,-38,-27,-45,-4,-45,-39,-43,-21,-29,-36,-90,-36,-150,-61,-59,-59,-75,22,-6,-5,-56,7,6,7,2,9,7,5,-47,-43,-50,-36,-114,-112,-177,-182,-328,-329,-416,-416,-410,-416,-496,-506,-640,-605,-29959,-12846,-29985,-29986,-29994,-29995,-29995,-29996,-29996,-29996]} 1. e4 c5 2. Nf3 e6 3. d4 cxd4 4. Nxd4 Nc6 5. Nc3 Qc7 6. g3 a6 7. Bg2 Nge7 {LiveBook: 132 Games} 8. Nxc6 {B47: Sicilian: Taimanov: 5 Nc3 Qc7 6 f4, 6 g3 and 6 Be2} (8. Nb3 Ne5 9. f4 Nc4 10. Qd3 b5 11. Nd4 Bb7 12. b3 Nd6 13. a3 Nc6 14. Bb2 Nxd4 15. Qxd4 Rc8 {½-½ (39) Kryvoruchko,Y (2693)-Adhiban,B (2671) Monzon 2016}) 8... Nxc6 9. Be3 Be7 10. O-O {White has an edge.} O-O 11. f4 d6 12. g4 $146 ({Predecessor:} 12. Qh5 Bd7 13. Rad1 Na5 14. f5 Nc4 15. Bd4 {1-0 (31) Roinos,I (2027)-Hahabis,N (1955) Porto Rio 2014}) 12... b5 13. a3 Bb7 14. g5 Rfe8 15. f5 Ne5 16. f6 Bf8 17. fxg7 Bxg7 18. Qh5 (18. Bd4 $15) 18... Ng6 (18... Nc4 $17 19. Bc1 d5 $1 {[%mdl 512]} 20. exd5 exd5) 19. Rf6 ({White should try} 19. Nd1 $15) 19... Rad8 (19... Bxf6 $17 20. gxf6 Kh8) 20. Raf1 $1 $15 Rd7 $1 21. R1f3 {[#]} Ree7 (21... d5 $1 $17 {[%cal Rd5d4] ...d4 is the strong threat.} 22. Rh3 Nf8) 22. Bf1 d5 23. Rh3 ({Better is} 23. exd5 $1 $11 exd5 24. Bd4) 23... Nf8 (23... h6 $1 $15 24. Rff3 dxe4) 24. exd5 $11 exd5 {[%cal Be6d5,Bd5e4][%mdl 32] Threatens to win with ...d4.} 25. Bd4 $1 Re1 26. Kf2 Re4 $1 {[%cal Re4d4]} 27. Bb6 (27. Nxe4 $11 Qxc2+ 28. Qe2 Qxe4 29. Qxe4 dxe4 30. Bc3) 27... Qe5 $15 28. Nxe4 dxe4 29. Be3 ({White should play} 29. Kg1 $1 $15) 29... Qxb2 $17 30. Rf5 (30. Kg1 $17) 30... Rc7 31. Be2 (31. Rg3 $142) 31... Bc8 $19 ({Don't go for} 31... Rxc2 $2 32. Qxf7+ Kh8 33. Qxb7 $18) ({Less strong is} 31... Qxc2 32. Rf4 $17) 32. Rd5 Bxh3 33. Qxh3 Rxc2 34. Qg4 Ne6 35. Rd6 Bd4 {Strongly threatening ...Bxe3+.} 36. Bxd4 Nxd4 37. Rd8+ Kg7 {Black mates.} 38. Qh5 Rxe2+ 39. Kg3 Qc3+ 40. Kf4 Ne6+ {Precision: White = 17%, Black = 62%.} 0-1